000 00329nam a2200133Ia 4500
100 _aSaxena/ K.D/ Lakani/I.B
942 _cBK
654 _ahydraulics
245 _aHydraulics fluid mechanics and hydraullic machines
260 _bJ.K.Publishing House
_aBhopal
_c1984
082 _a532
_bSAX
300 _a539
546 _aENGLISH
999 _c22748
_d22748